000 00857nam a22002057a 4500
999 _c4364
_d4364
003 AR-CdUCM
008 190308b ||||| |||| 00| 0 spa d
040 _aMUNICIPALIDAD PROVINCIAL DEL CUSCO
_cBIBLIOTECA MUNICIPAL DEL CUSCO
082 _22ed. corregida
_a980 /
_bS21
100 _aSánchez, Luis Alberto
_9401
245 _aEl pueblo en la revolución americana :
_bNotas para una sinfonía /
260 _aLima :
_bTalleres Gráficos P. L. Villanueva.
_c1970.
300 _a232 paginas ;
_c25 cm.
505 _aContenido :Sobre la modorra colonial -- El desnivel cultural y la diferencia regional española -- Los alzamientos de indígenas -- El racismo hispano -- El hombre y la tierra ...
650 _aAmérica Latina
_91130
650 _aEmancipación, 1808-1824
_93036
650 _aHistoria peruana
_91316
942 _2ddc
_cLIBROS
945 _arum